Home Print Resources E-Books E-Journals IIMT Lecture Series Library Membership Form Book Recommendation Form Campus Tour Take AdmissionAbout Us Contact Us

NEWS REPORTING AND EDITING (Record no. 49509)

000 -LEADER
fixed length control field 00365nam a22001577a 4500
003 - CONTROL NUMBER IDENTIFIER
control field OSt
005 - DATE AND TIME OF LATEST TRANSACTION
control field 20231218073104.0
008 - FIXED-LENGTH DATA ELEMENTS--GENERAL INFORMATION
fixed length control field 200114b xxu||||| |||| 00| 0 eng d
020 ## - INTERNATIONAL STANDARD BOOK NUMBER
International Standard Book Number 9788120798144
040 ## - CATALOGING SOURCE
Transcribing agency IIMT UNIVERSITY
100 ## - MAIN ENTRY--PERSONAL NAME
Personal name SRIVASTAVA K M
245 ## - TITLE STATEMENT
Title NEWS REPORTING AND EDITING
260 ## - PUBLICATION, DISTRIBUTION, ETC.
Place of publication, distribution, etc. DELHI
Name of publisher, distributor, etc. STERLING
300 ## - PHYSICAL DESCRIPTION
Extent 304
942 ## - ADDED ENTRY ELEMENTS (KOHA)
Source of classification or shelving scheme
Koha item type Text-Book- for 7 days
Holdings
Withdrawn status Lost status Source of classification or shelving scheme Damaged status Not for loan Home library Current library Date acquired Source of acquisition Cost, normal purchase price Inventory number Barcode Date last seen Price effective from Koha item type Total Checkouts Total Renewals Date last checked out
          IIMT University Central Library Meerut IIMT University Central Library Meerut 01/14/2020 ARISTA 300.00 IN199/06-01-2020 01-B-130378 01/14/2020 01/14/2020 Reference Book      
          IIMT University Central Library Meerut IIMT University Central Library Meerut 01/14/2020 ARISTA 300.00 IN199/06-01-2020 01-B-130379 01/14/2020 01/14/2020 Reference Book      
          IIMT University Central Library Meerut IIMT University Central Library Meerut 01/14/2020 ARISTA 300.00 IN199/06-01-2020 01-B-130380 12/21/2020 01/14/2020 Book Bank 1 1 11/02/2020
          IIMT University Central Library Meerut IIMT University Central Library Meerut 01/14/2020 ARISTA 300.00 IN199/06-01-2020 01-B-130381 10/27/2025 01/14/2020 Book Bank 1   09/12/2025
IIMT, Central Library. All Rights Reserved IIMT,UNIVERSITY © 2023
Implemented and Customised by I CLOUDE EMS
You Are OPAC Visitor No
free web counter

Powered by Koha